000 00999cam a2200265 a 4500
008
020 _a0727719726 (hbk.)
049 _aMAIN
090 _aTJ820 WIN
245 1 0 _aWind engineering:
_b1st IAWE European and African Regional Conference /
_cedited by N. J. Cook
260 _aLondon :
_bThomas Telford,
_c1993.
300 _a533 p. :
_bill. ;
_c25 cm.
500 _a"Proceedings of the Conference on Wind Engineering, by the International Association for Wind Engineering and held in Guernsey on 20-24 September 1993."
504 _aIncludes bibliographical references.
650 0 _aWind-pressure
_xCongresses.
650 0 _aBuildings
_xAerodynamics
_xCongresses.
650 0 _aEngineering meteorology
_xCongresses.
700 _aCook, N. J.
710 2 _aInternational Association for Wind Engineering.
907 _a.b10232527
_b16-02-07
_c16-02-07
003
005 20230123134400.0
040 _cNUST
942 _cBOOKS
_kTJ820 WIN
999 _c164954
_d164954